| Tag |
First Indicator |
Second Indicator |
Subfields |
| LEADER |
00000cam a2200000 a 4500 |
| 001 |
in00005744513 |
| 005 |
20260326180531.2 |
| 006 |
m o d |
| 007 |
cr cn||||||||| |
| 008 |
081213s1978 nyua ob 001 0 eng d |
| 040 |
|
|
|a E7B
|b eng
|e pn
|c E7B
|d OCLCQ
|d N$T
|d IDEBK
|d OCLCQ
|d OPELS
|d OCLCQ
|d OCLCF
|d YDXCP
|d OCLCQ
|d DEBSZ
|d OTZ
|d LEAUB
|d OCLCO
|d INARC
|d OCLCQ
|d OCLCO
|d OCLCL
|d OCLCQ
|d COA
|
| 019 |
|
|
|a 298084162
|a 1340080196
|
| 020 |
|
|
|a 9780080562094
|q (electronic bk.)
|
| 020 |
|
|
|a 0080562094
|q (electronic bk.)
|
| 020 |
|
|
|a 0120066270
|q (electronic bk.)
|
| 020 |
|
|
|a 9780120066278
|q (electronic bk.)
|
| 024 |
8 |
|
|a (WaSeSS)ssj0000334077
|
| 035 |
|
|
|a (OCoLC)646758154
|z (OCoLC)298084162
|z (OCoLC)1340080196
|
| 050 |
|
4 |
|a RC267
|b .A4527 1978eb
|
| 072 |
|
7 |
|a MED
|x 062000
|2 bisacsh
|
| 072 |
|
7 |
|a HEA
|x 039030
|2 bisacsh
|
| 082 |
0 |
4 |
|a 616.99/40072
|2 22
|
| 049 |
|
|
|a TXAM
|
| 245 |
0 |
0 |
|a Advances in cancer research.
|n Volume 27 /
|c edited by George Klein, Sidney Weinhouse.
|
| 260 |
|
|
|a New York :
|b Academic Press,
|c 1978.
|
| 300 |
|
|
|a 1 online resource (x, 390 pages) :
|b illustrations.
|
| 336 |
|
|
|a text
|b txt
|2 rdacontent
|
| 337 |
|
|
|a computer
|b c
|2 rdamedia
|
| 338 |
|
|
|a online resource
|b cr
|2 rdacarrier
|
| 347 |
|
|
|a text file
|2 rdaft
|0 http://rdaregistry.info/termList/fileType/1002.
|
| 490 |
0 |
|
|a Advances in cancer research ;
|v v. 27
|
| 504 |
|
|
|a Includes bibliographical references and indexes.
|
| 588 |
0 |
|
|a Print version record.
|
| 650 |
|
0 |
|a Cancer
|x Research.
|
| 650 |
|
0 |
|a Carcinogenesis.
|
| 650 |
|
2 |
|a Carcinogenesis
|
| 650 |
|
6 |
|a Cancer
|x Recherche.
|
| 650 |
|
6 |
|a Cancérogenèse.
|
| 650 |
|
7 |
|a MEDICAL
|x Oncology.
|2 bisacsh
|
| 650 |
|
7 |
|a HEALTH & FITNESS
|x Diseases
|x Cancer.
|2 bisacsh
|
| 650 |
|
7 |
|a Cancer
|x Research
|2 fast
|
| 650 |
|
7 |
|a Carcinogenesis
|2 fast
|
| 655 |
|
7 |
|a Electronic books.
|2 local
|
| 700 |
1 |
|
|a Klein, George.
|
| 700 |
1 |
|
|a Weinhouse, Sidney.
|
| 710 |
2 |
|
|a ScienceDirect (Online service)
|
| 758 |
|
|
|i has work:
|a Vol. 27 Advances in cancer research (Text)
|1 https://id.oclc.org/worldcat/entity/E39PCFYqbCr9X3ck8jK8XCmQYP
|4 https://id.oclc.org/worldcat/ontology/hasWork
|
| 776 |
0 |
8 |
|i Print version:
|t Advances in cancer research. Volume 27.
|d New York : Academic Press, 1978
|z 9780120066278
|
| 856 |
4 |
0 |
|u http://proxy.library.tamu.edu/login?url=https://www.sciencedirect.com/science/bookseries/0065230X/27
|z Connect to the full text of this electronic book
|t 0
|
| 936 |
|
|
|a BATCHLOAD
|
| 955 |
|
|
|a Elsevier ScienceDirect 2026-2027
|
| 994 |
|
|
|a 92
|b TXA
|
| 999 |
f |
f |
|i 99e69f8d-db83-442f-ad90-a9d9cb69783e
|s 19364579-458e-4c6c-8cbd-f76461f81d32
|t 0
|
| 952 |
f |
f |
|a Texas A&M University
|b College Station
|c Electronic Resources
|s www_evans
|d Available Online
|t 0
|e RC267 .A4527 1978eb
|h Library of Congress classification
|
| 998 |
f |
f |
|a RC267 .A4527 1978eb
|t 0
|l Available Online
|